The key to the South : Britain the United States and Thailand during the approach of the Pacific War 1929-1947

Bibliographic Details
Main Author: Aldrich, Richard J
Format: Book
Published: Oxford : University Press , 1993
Subjects:

MARC

LEADER 00000cam a2200000 7i4500
001 0000002719
002 000002949
005 20080109.0
020 |a 0195886127 
090 0 0 |a 940.5322   |b ALD 
100 1 |a Aldrich, Richard J 
245 1 4 |a The key to the South :   |b Britain the United States and Thailand during the approach of the Pacific War 1929-1947   |c Richard J.Aldrich 
260 |a Oxford :   |b University Press ,   |c 1993 
300 |a 416p. ;   |c 22cm. 
650 0 0 |a World War II   |y 1939-1945   |x Diplomatic history 
651 0 |a Thailand   |x Foreign relations   |z Great Britain 
999 |a 036189   |b BUKU   |c PINJAMAN   |e PERPUSTAKAAN KOMUNITI PETALING JAYA